भारतीय स्वातंत्र्य चळवळीचा इतिहास भाग २ (Record no. 1000267)
[ view plain ]
| 000 -LEADER | |
|---|---|
| fixed length control field | 00445nam a2200133Ia 4500 |
| 008 - FIXED-LENGTH DATA ELEMENTS--GENERAL INFORMATION | |
| fixed length control field | 151001s9999||||xx |||||||||||||| ||und|| |
| 100 ## - MAIN ENTRY--PERSONAL NAME | |
| Personal name | मधुकर मुकुंदराव पाटील |
| 245 ## - TITLE STATEMENT | |
| Title | भारतीय स्वातंत्र्य चळवळीचा इतिहास भाग २ |
| 250 ## - EDITION STATEMENT | |
| Edition statement | 1 |
| 260 ## - PUBLICATION, DISTRIBUTION, ETC. (IMPRINT) | |
| Name of publisher, distributor, etc | अथर्व प्रकाशन |
| 260 ## - PUBLICATION, DISTRIBUTION, ETC. (IMPRINT) | |
| Date of publication, distribution, etc | 2011 |
| 300 ## - PHYSICAL DESCRIPTION | |
| Extent | 139 |
| 365 ## - TRADE PRICE | |
| Price amount | 21 |
No items available.